000
00324nam a2200145 4500
008
210520b ||||| |||| 00| 0 eng d
020
_a
9780321783950
041
_a
eng
080
_2
5th
_a
510
082
_a
510
100
_a
36
101
_a
MAT
245
_a
College Algebra
_c
Marvin L. Bittinger
942
_2
udc
_c
BK
999
_c
57542
_d
57542